| 000 | 00509nam a2200193Ia 4500 | ||
|---|---|---|---|
| 003 | GCL | ||
| 008 | 140319s9999 xx 000 0 eng d | ||
| 040 |
_aGCL / _cGCL |
||
| 082 | 0 | 4 |
_a729.6 _bJ S |
| 100 | 1 | _aJURACEK, JUDY A | |
| 245 | 1 | 0 |
_aSURFACES: VISUAL RESEARCH FOR ARTISTORY AND DESIGNERS / _cJURACEK, JUDY A |
| 260 |
_a[S.N] : _bTHAMES AND HUDSON ، _c1996 |
||
| 300 | _a335 P | ||
| 650 | 0 | 4 | _aARTS |
| 650 | 0 | 4 | _aSURFACE ACTIVE |
| 650 | 0 | 4 | _aARCHITECTURE |
| 650 | 0 | 4 | _aDECORATION |
| 942 |
_2ddc _cBK |
||
| 999 |
_c15321 _d15321 |
||